000 00873nam a22002177a 4500
999 _c18489
_d18489
003 AR-CdUCM
008 190514b ||||| |||| 00| 0 spa d
040 _aMUNICIPALIDAD PROVINCIAL DEL CUSCO
_cBIBLIOTECA MUNICIPAL DEL CUSCO
082 _a131 /
_bF56 / 1923
100 _aFlammarión, Camilo
_926984
245 _aLas casas de duendes :
_bAl margen de la muerte y su misterio /
260 _aMadrid :
_bM. Aguilar,
_c1923.
300 _a483 paginas ;
_bIlustraciones, graficos, dibujos,
_c18 cm.
500 _aHistoria
505 _aContenido: Espiritualismo y materialismo -- Pruebas experimentales de la supervivencia -- Las casas de duendes -- Los extraños fenomenos observados en el castillo del calvaldos...
650 _aEspiritualismo
_93309
650 _aMaterialismo
_95459
700 _aMelia, J
_939111
942 _2ddc
_cLIBROS
945 _apjha
_d2019-05-14